LEADER 01037nam0-2200373---450- 001 990009911780403321 005 20141030110021.0 010 $a978-88-7051-336-3 035 $a000991178 035 $aFED01000991178 035 $a(Aleph)000991178FED01 035 $a000991178 100 $a20141030d2013----km-y0itaa50------ba 101 0 $aita 102 $aIT 105 $aa-------001yy 200 1 $aChimica generale e inorganica$fa cura di Maurizio Speranza ... [et al.] 210 $aMilano$cEdi.Ermes$d@2013 215 $axix, 834 p.$aill.$a27 cm 610 0 $aChimica generale 610 0 $aChimica inorganica 676 $a546 702 1$aSperanza,$bMaurizio 801 0$aIT$bUNINA$gRICA$2UNIMARC 901 $aBK 912 $a990009911780403321 952 $a546-SPE-1$b8108$fSC1 952 $a546-SPE-1A$b8109$fSC1 952 $a546-SPE-1B$b8110$fSC1 952 $a546-SPE-1C$b8111$fSC1 952 $a546-SPE-1D$b8112$fSC1 959 $aSC1 996 $aChimica generale e inorganica$9224543 997 $aUNINA